000 nam a22 7a 4500
999 _c15878
_d15878
008 161105b xxu||||| |||| 00| 0 eng d
020 _a0415318831
050 _aNA 1547 .P6Z48 2003
100 _aZhu,Jianfei.
_d2004.
245 _aChinese spatial strategies.
260 _aLondon:
_bRoutledge,
_c2004.
300 _axiv,281p.
_binlcudes bibliographical references and index
650 _aarchitecture-china.
650 _aspace architecture and religion.
650 _acity planning-china
650 _aforbidden city.
942 _2lcc
_cBOOKS